<?xml version="1.0" encoding="UTF-8"?>
<record
    xmlns:xsi="http://www.w3.org/2001/XMLSchema-instance"
    xsi:schemaLocation="http://www.loc.gov/MARC21/slim http://www.loc.gov/standards/marcxml/schema/MARC21slim.xsd"
    xmlns="http://www.loc.gov/MARC21/slim">

  <leader>02094cab a2200241Ia 45 0</leader>
  <controlfield tag="001">u198569</controlfield>
  <controlfield tag="003">SIRSI</controlfield>
  <controlfield tag="008">120305s2005    ua     ss b         eng d</controlfield>
  <datafield tag="040" ind1=" " ind2=" ">
    <subfield code="a">EAL</subfield>
  </datafield>
  <datafield tag="043" ind1=" " ind2=" ">
    <subfield code="a">f-ua</subfield>
  </datafield>
  <datafield tag="090" ind1=" " ind2=" ">
    <subfield code="a">ART EJAR V83 No3 SI 32</subfield>
  </datafield>
  <datafield tag="100" ind1="1" ind2=" ">
    <subfield code="a">Bekheit, Hassan K. M.</subfield>
  </datafield>
  <datafield tag="240" ind1="1" ind2="0">
    <subfield code="a">Egyptian journal of agricultural research, 2005 v. 83 (3) , Special issue</subfield>
    <subfield code="h">[electronic resource]:</subfield>
    <subfield code="b">The Third International Conference of Plant Protection Research Institute: 26-29 November 2005.</subfield>
  </datafield>
  <datafield tag="245" ind1="1" ind2="0">
    <subfield code="a">Biological control tools and their use in insect management in Egypt</subfield>
    <subfield code="h">[electronic resource].</subfield>
  </datafield>
  <datafield tag="300" ind1=" " ind2=" ">
    <subfield code="a">p.1249-1295.</subfield>
  </datafield>
  <datafield tag="504" ind1=" " ind2=" ">
    <subfield code="a">Includes references.</subfield>
  </datafield>
  <datafield tag="520" ind1=" " ind2=" ">
    <subfield code="a">The use of biological control is a fundamental tactic for pest suppression within an effective Integrated Pest Management (IPM) program. Biological control refers to the use of natural enemies against a pest population to reduce the pest's density and damage to a level lower than would occur in their absence (McCoy, 1987; Mahr and Ridgeway, and Lee et al. 2001). Biological control has the advantage of being self perpetuating once established and usually does not harm non-target organisms found in the environment. In addition, it is not polluting or as disruptive to the environment as chemical pesticides, nor does it leave residues on food, a concern to many people today. However, the use of biological control does require detailed knowledge of the pest's biology and population dynamics, as well as the natural enemies associated with the pest and their impact. Control is usually not complete with this IPM method since a residual population of the pest is often necessary for the natural enemies to remain in the environment, so some non-economic population levels of pests must be acceptable or tolerated.</subfield>
  </datafield>
  <datafield tag="650" ind1=" " ind2="0">
    <subfield code="a">Insect pests</subfield>
    <subfield code="x">Biological control</subfield>
    <subfield code="z">Egypt.</subfield>
  </datafield>
  <datafield tag="650" ind1=" " ind2="0">
    <subfield code="a">Pests</subfield>
    <subfield code="x">Integrated control.</subfield>
  </datafield>
  <datafield tag="773" ind1="0" ind2=" ">
    <subfield code="t">Egyptian Journal of Agricultural Research. </subfield>
    <subfield code="g">2005.v.83(3),SI</subfield>
    <subfield code="x">1110-6336</subfield>
    <subfield code="7">nnas</subfield>
    <subfield code="w">u158585</subfield>
  </datafield>
  <datafield tag="856" ind1="4" ind2="0">
    <subfield code="u">http://nile.enal.sci.eg/EALE/2005/EJAR/8305/3si/1249.pdf</subfield>
    <subfield code="z">Full Text Article.</subfield>
  </datafield>
  <datafield tag="596" ind1=" " ind2=" ">
    <subfield code="a">1</subfield>
  </datafield>
  <datafield tag="942" ind1=" " ind2=" ">
    <subfield code="c">AR</subfield>
    <subfield code="2">lcc</subfield>
  </datafield>
  <datafield tag="999" ind1=" " ind2=" ">
    <subfield code="c">51416</subfield>
    <subfield code="d">51416</subfield>
  </datafield>
</record>
